Normal view
MARC view
Entry Topical Term
001 - CONTROL NUMBER
- control field: 252086
003 - CONTROL NUMBER IDENTIFIER
- control field: OSt
005 - DATE AND TIME OF LATEST TRANSACTION
- control field: 20260121144527.0
008 - FIXED-LENGTH DATA ELEMENTS
- fixed length control field: 260121|| aca||aabn | a|a d
040 ## - CATALOGING SOURCE
- Original cataloging agency: OSt
- Transcribing agency: OSt
150 ## - HEADING--TOPICAL TERM
- Topical term or geographic name entry element: Memory chips and memory interfacing
670 ## - SOURCE DATA FOUND
- Source citation: Work cat.: (OSt)185512: Uffenbeck, John. 252084, 80*86 family : , 2002.